LEADER 00836nam a2200217 i 4500 001 000000198171 003 CaOOAMICUS 005 20110226000000.0 008 110226s1941 it u000 u ita u 013 $a176859 040 $aSeMil$bita 100 1 $aBarassi, Lodovico.$0(OLS)http://semarc/name/10819 245 13$aLa proprietà nel nuovo Codice Civile /$cLodovico Barassi. 260 $aMilano :$bGiuffrè,$c1941. 300 $a458 p. ;$c24 cm. 650 4$aProprietà.$0(OLS)http://semarc/subject/10245 650 4$aCodice civile.$0(OLS)http://semarc/subject/878 850 $aSeMil 852 $aSeMil$W1$xVenegono$y1$m3L IV 136$j148727$B148727$CSeMilBibl$Z2$F160146 $81 996 $6245$aLa proprietà nel nuovo Codice Civile$9(OLS)http://semarc/title/286288 996 $6260$aMilano :$bGiuffrè$9(OLS)http://semarc/publisher/29926 LEADER 01171nam a2200289 i 4500 001 000000121606 003 CaOOAMICUS 005 20190820094006.0 008 031230s1998 it u000 u ita u 013 $a94301 020 $a88-18-90004-8 040 $aSeMil$bita 100 1 $aCaloia, Angelo,$d<1939- >.$0(OLS)http://semarc/name/25021 245 10$aFrancesco Vito :$bl'economia politica di un cristiano economista /$cAngelo Caloia. 260 $aMilano :$bRusconi,$c1998. 300 $a206 p., [8] p. di tav. ;$c22 cm. 490 0 $aCultura, etica e finanza 650 4$aVito, Francesco <1902-1968>.$0(OLS)http://semarc/subject/23021 830 0$aCultura, etica e finanza.$0(OLS)http://semarc/title/14209 850 $aSeMil 852 $aSeMil$W1$xVenegono$y1$m1C V 126$j76672$B76672$CSeMilBibl$Z2$F78460 $81 941 1 $a4 961 $aOmaggio: Martini Card. Carlo Maria 996 $6020$a88-18-90004-8$9(OLS)http://semarc/number/107125 996 $6245$aFrancesco Vito :$bl'economia politica di un cristiano economista$9(OLS)http://semarc/title/179051 996 $6260$aMilano :$bRusconi$9(OLS)http://semarc/publisher/30258